|
|
|
|
| LEADER |
00901cam a22002171 4500 |
| 001 |
1696219 |
| 003 |
GR-PaULI |
| 005 |
20210117210616.0 |
| 008 |
840619s1965 enk b 000 0 eng |
| 040 |
|
|
|a DLC/ICU
|c ICU
|d DLC
|b gre
|e AACR2
|
| 082 |
0 |
0 |
|a 515.73
|2 23
|
| 100 |
1 |
|
|a Husain, Taqdir
|9 168602
|e συγγραφέας.
|
| 245 |
1 |
4 |
|a The open mapping and closed graph theorems in topological vector spaces /
|c Husain Taqdir.
|
| 260 |
|
|
|a Oxford :
|b Clarendon Press,
|c 1965.
|
| 300 |
|
|
|a x, 108 σ. ;
|c 24 εκ.
|
| 504 |
|
|
|a Περιλαμβάνει βιβλιογραφία.
|
| 650 |
|
4 |
|a Γραμμικοί τοπολογικοί χώροι
|9 41278
|
| 942 |
|
|
|2 ddc
|c BK15
|
| 952 |
|
|
|0 0
|1 0
|2 ddc
|4 0
|6 515_730000000000000_HUS
|7 0
|9 221733
|a LISP
|b LISP
|c BSC
|d 2018-05-02
|i 124374
|l 0
|o 515.73 HUS
|p 025000040766
|r 2018-05-02 00:00:00
|t 1
|v 2018.00
|w 2018-05-02
|y BK15
|
| 998 |
|
|
|c ΜΠΟΥΡΑΣ
|d 2018-05
|
| 999 |
|
|
|c 134001
|d 134001
|